000 00488nam a2200157Ia 4500
008 100122s9999 xx 000 0 und d
082 _b44732
_a746.44
100 _aखळगावकर विजया
245 _aसुशोभित भरतकला
250 _a2
260 _bश्री वा खळगावकर
_c1984
300 _a162
630 _aसुशोभित भरतकला
730 _aसुशोभित भरतकला
942 _cBOOK
999 _c424391
_d424388